El ingenioso hidalgo Don Quijote de la Mancha / (Record no. 43569)

MARC details
000 -LEADER
campo de control de longitud fija 00879nam a2200217 i 4500
001 - NÚMERO DE CONTROL
campo de control 43569
003 - IDENTIFICADOR DE NÚMERO DE CONTROL
campo de control ES-MaACL
005 - FECHA Y HORA DE LA ÚLTIMA TRANSACCIÓN
campo de control 20251120142803.0
007 - CAMPO FIJO DE DESCRIPCIÓN FÍSICA--INFORMACIÓN GENERAL
campo de control de longitud fija t|
008 - DATOS DE LONGITUD FIJA--INFORMACIÓN GENERAL
campo de control de longitud fija 030318s1916 sp ||||1| spa d
080 ## - NÚMERO DE LA CLASIFICACIÓN DECIMAL UNIVERSAL
Número de la Clasificación Decimal Universal 821.134.2-31"15"
100 1# - ENTRADA PRINCIPAL--NOMBRE DE PERSONA
Nombre de persona Cervantes Saavedra, Miguel de,
Fechas asociadas al nombre 1547-1616
9 (RLIN) 226514
240 10 - TÍTULO UNIFORME
Título uniforme Don Quijote de la Mancha
245 13 - MENCIÓN DEL TÍTULO
Título El ingenioso hidalgo Don Quijote de la Mancha /
Mención de responsabilidad, etc. compuesto por Miguel de Cervantes Saavedra ; edición crítica anotada por Francisco Rodríguez Marín.
260 ## - PUBLICACIÓN, DISTRIBUCIÓN, ETC.
Lugar de publicación, distribución, etc. Madrid :
Nombre del editor, distribuidor, etc. [s.n.],
Fecha de publicación, distribución, etc. 1916 (
Fabricante Imp. de la Revista de Archivos, Bibliotecas y Museos)
300 ## - DESCRIPCIÓN FÍSICA
Extensión 6 v. :
Otras características físicas 2 retr. ;
Dimensiones 25 cm.
600 14 - PUNTO DE ACCESO ADICIONAL DE MATERIA--NOMBRE DE PERSONA
Nombre de persona Cervantes Saavedra, Miguel de,
Fechas asociadas al nombre 1547-1616.
Título de la obra Don Quijote de la Mancha
9 (RLIN) 37612
700 1# - ENTRADA AGREGADA--NOMBRE PERSONAL
Nombre de persona Rodríguez Marín, Francisco,
Fechas asociadas al nombre 1855-1943
9 (RLIN) 98634
852 ## - LOCALIZACIÓN
Ubicación ES-MaACL
Número de control de estantería B-2161-66
Holdings
Estatus retirado Estado de pérdida Estado de daño No para préstamo Biblioteca de origen Biblioteca actual Ubicación en estantería Fecha de adquisición Fuente de adquisición Total de préstamos Signatura topográfica completa Código de barras Visto por última vez Precio de reemplazo Tipo de ítem Koha
        Biblioteca del Ateneo de Madrid Biblioteca del Ateneo de Madrid Sala Pardo Bazán 17/01/2008     B-2161-2166 1045864 23/02/2023 23/02/2023 Libro impreso